00748nam a2200217Ia 4500003000900000008004100009020001800050040001600068080001800084245011100102260003600213300001400249650004100263650002500304650003200329650001700361700003600378942000700414999001500421952009400436IN-BaIIA211028s9999 xx 000 0 eng d a0-12-561350-4 cIIA Library a523.4-52bCHE 0aChemical evolution of the giant planetscedited by Cyril Ponnamperuma  aNew York,bAcademic Pressc1976 axi, 240p. aAstronomy and astrophysics thesaurus aCosmochemistry91212 aExtraterrestrial life94250 aPlanets9971 aPonnamperuma, Cyril., ed.99461 cBK c5444d5444 00104070aBANbBANcGENd1977-04-25l0o523.4-52/ CHEp6085r2021-11-05w1977-04-25yBK